| 000 | 00684nam a22002057a 4500 | ||
|---|---|---|---|
| 003 | LC | ||
| 005 | 20160611090225.0 | ||
| 008 | 131002t xxu||||| |||| 00| 0 eng d | ||
| 020 | _a1416600663 | ||
| 050 |
_aLB 2822.8 _b.B877C1 2005 |
||
| 082 |
_aTR 371.2 _b.B81 2005 |
||
| 100 |
_aBrown, John _922716 |
||
| 245 |
_aMaking school improvement happen with what works in schools : _bteacher level factors / _cBrown, John |
||
| 260 |
_aAlexandria, VA, USA : _bAssociation for Supervision and Curriculum Development, _cc2005. |
||
| 300 |
_a156 p. : _c28 cm. |
||
| 650 |
_aCurriculum _xStudy and Teaching. _922727 |
||
| 650 |
_aClassroom Management _974 |
||
| 942 |
_2lcc _cBK |
||
| 999 |
_c12628 _d12628 |
||